000 00347nam a2200145Ia 4500
008 230917s9999||||xx |||||||||||||| ||und||
040 _e105966
_aMAIN
041 _aEnglish
082 _a005.133 D642M
100 _aDixit, J B
245 0 _aMastering C programs
260 _aNew Delhi
_bFirewall media
_c2005
300 _a434 p.
942 _cBK
999 _c121494
_d121494